Szczegóły MARC21

Gramatyka historyczna języka polskiego /

003 -Nazwa inst., której nr kontr. jest w polu 001 [,]
    • @
    • Nazwa instytucji, której n kontrolny jest w polu 001
    • NUKAT
005 -DATA I CZAS OSTATNIEJ MODYFIKACJI [,]
    • @
    • pole kontrolne
    • 20241231093051.0
020 -Międzynarod. znormalizowany nr książki - ISBN [ , ]
    • a
    • Numer ISBN
    • 8301009950 Find
040 -Instytucja sporządzająca opis [ , ]
    • a
    • Instytucja, która sporządziła opis (NP)
    • POZN U/PM
    • c
    • Instytucja, która sporządziła rekord (NP)
    • POZN U/AC
    • d
    • Instytucja, która zmodyfikowała rekord (P)
    • POZN U/HC
942 -Rodzaj dokumentu [ , ]
    • c
    • Rodzaj dokumentu
    • Książka
100 -Hasło główne - nazwa osobowa [1, ]
    • a
    • Nazwa osobowa (NP)
    • Klemensiewicz, Zenon
    • d
    • Daty biograficzne (NP)
    • (1891-1969).
    • 9
    • KHW
    • 17134
245 -Strefa tytułu i oznaczenia odpowiedzialności [1,0]
    • a
    • Tytuł
    • Gramatyka historyczna języka polskiego / Find
    • c
    • Pozostałe elementy strefy tytułu i oznaczenia odpowiedzialności (NP)
    • Z. Klemensiewicz, T. Lehr-Spławiński, S. Urbańczyk.
250 -Strefa wydania [ , ]
    • a
    • Oznaczenie wydania (NP)
    • Wyd. 4.
260 -Strefa adresu wydawniczego [ , ]
    • a
    • Miejsce wydania (P)
    • Warszawa :
    • b
    • Nazwa wydawcy (P)
    • Państwowe Wydawnictwo Naukowe,
    • c
    • Data wydania (P)
    • 1981.
300 -Strefa opisu fizycznego [ , ]
    • a
    • Określenie formy książki i/lub objętość (NP)
    • 611, [1] s. ;
    • c
    • Format (NP)
    • 21 cm.
336 -Typ zawartości [ , ]
    • a
    • Termin opisujący typ zawartości
    • Tekst
    • b
    • Kod określający zawartość
    • txt
    • 2
    • Źródło (terminu i kodu)
    • rdacontent
337 -Typ mediów [ , ]
    • a
    • Tryb odtwarzania
    • Bez urządzenia pośredniczącego
    • b
    • Kod typu mediów
    • n
    • 2
    • Źródło (terminu i kodu)
    • rdamedia
338 -Typ/rodzaj nośnika [ , ]
    • a
    • Hasło opisujące typ nośnika
    • Wolumin
    • b
    • Kod typu nośnika
    • nc
    • 2
    • Źródło (terminu i kodu)
    • rdacarrier
504 -Uwaga dot. bibliogr. załącznikowej [ , ]
    • a
    • Uwaga dot. bibliografii załącznikowej
    • Bibliogr. s. 511-512, 608-611. Indeks.
521 -Uwaga dot. przeznaczenia czytelniczego [8, ]
    • a
    • Uwaga dot. przeznaczenia czytelniczego
    • Podręcznik [...] do użytku studentów uniwersyteckich wydziałów filologicznych.
650 -Hasło przedmiotowe [ ,7]
    • a
    • Hasło przedmiotowe
    • Język polski
    • x
    • Określnik rzeczowy
    • gramatyka historyczna
    • v
    • Określnik formalny
    • podręczniki akademickie.
    • 2
    • Źródło terminu
    • kaba
    • 9
    • KHW
    • 361269
700 -Hasło dodatkowe - nazwa osobowa [1, ]
    • a
    • Nazwa osobowa (NP)
    • Lehr-Spławiński, Tadeusz Find
    • d
    • Daty biograficzne (NP)
    • (1891-1965).
    • 9
    • KHW
    • 11451
700 -Hasło dodatkowe - nazwa osobowa [1, ]
    • a
    • Nazwa osobowa (NP)
    • Urbańczyk, Stanisław Find
    • d
    • Daty biograficzne (NP)
    • (1909-2001).
    • 9
    • KHW
    • 256004
710 -Hasło dodatkowe - nazwa ciała zbiorowego [2, ]
    • a
    • Nazwa ciała zbiorowego lub nazwa geograficzna jako pierwszy element (NP)
    • Państwowe Wydawnictwo Naukowe (1951-1992).
    • 4
    • Kod relacji
    • pbl
    • 9
    • KHW
    • 52048
920 -ISBN [ , ]
    • a
    • ISBN
    • 83-01-00995-0 Find
Sygnatura Status udost. Numer inwentarzowy Lokalizacja Data inwentaryzacji Uwagi nie widoczne w OPAC
Z.475011Z.47501BG1997-01-01 
egz. arch.1Z.47502BG1997-01-01 
W.101124-5W.101124BG1997-01-01 
W.101124-5W.101125BG1997-01-01 
W.1011242W.101126BG1997-01-01 
W.101124-5W.101127BG1997-01-01 
W.101124-5W.101128BG1997-01-01 
W.1011242W.101129BG1997-01-01 
W.1011242W.101130BG1997-01-01 
W.1011242W.101131BG1997-01-01 
W.1011242W.101132BG1997-01-01 
W.101124-5W.101133BG1997-01-01 
W.1011242W.101135BG1997-01-01 
W.101124-5W.101136BG1997-01-01 
W.1011242W.101137BG1997-01-01 
W.1011242W.101138BG1997-01-01 
W.101124-5W.101139BG1997-01-01 
W.1011242W.101140BG1997-01-01 
W.1011242W.101141BG1997-01-01 
W.1011242W.101142BG1997-01-01 
W.1011242W.101143BG1997-01-01 
W.101124-5W.101144BG1997-01-01 
W.101124-5W.101145BG1997-01-01 
W.101124-5W.101146BG1997-01-01 
W.1011242W.101786BG1997-01-01 
W.1011242W.191828BG1997-10-03 
W.101124-5W.101134BG1997-01-01stary ubytek
W.101124-5W.104252BG  
W.101124-5W.104253BG2008-10-03Klemensiewicz Z.Lehr-Spławiński T.,Urbańczyk S.-Gramatyka historyczna języka polskiego. Warszawa 1981
W.1011242W.104254BG1997-01-01 
W.1011242W.101787BG1997-01-01 
 1P.3113BM1997-01-01 
 1P.3112BM1997-01-01 
POL. Gramatyka historyczna 011P.3110BM1997-01-01 
 -3P.3114BM1997-01-01 
 -3P.3111BM1997-01-01